Catálogo
 En Linea

Educación artística 5 : (Registro nro. 47449)

Detalles MARC
000 -CABECERA
campo de control de longitud fija 00714nam a2200217 a 4500
001 - NÚMERO DE CONTROL
campo de control 000047961
005 - FECHA Y HORA DE LA ÚLTIMA TRANSACCIÓN
campo de control 20201002060830.0
008 - DATOS DE LONGITUD FIJA--INFORMACIÓN GENERAL
campo de control de longitud fija 181005d2016 dr a r 000 0 spa d
020 ## - NÚMERO INTERNACIONAL ESTÁNDAR DEL LIBRO
Número Internacional Estándar del Libro 9789945595840
040 ## - FUENTE DE LA CATALOGACIÓN
Centro catalogador/agencia de origen DO-SdBNP
Lengua de catalogación spa
Centro/agencia transcriptor BNPHU
082 ## - NÚMERO DE LA CLASIFICACIÓN DECIMAL DEWEY
Número de clasificación xxx
Número de documento/Ítem P343e, 5to
100 1# - ENTRADA PRINCIPAL--NOMBRE DE PERSONA
Nombre de persona Payán Velez , Carolina
Numeración V436e, 5to.
9 (RLIN) 75487
245 10 - MENCIÓN DE TÍTULO
Título Educación artística 5 :
Resto del título quinto grado, segundo ciclo; educación primaria /
Mención de responsabilidad, etc. Carolina Payán Velez, Verónica Veloz.
260 ## - PUBLICACIÓN, DISTRIBUCIÓN, ETC.
Lugar de publicación, distribución, etc. Santo Domingo :
Nombre del editor, distribuidor, etc. Actualidad,
Fecha de publicación, distribución, etc. 2016.
300 ## - DESCRIPCIÓN FÍSICA
Extensión 160 p. :
Otras características físicas il. ;
Dimensiones 28 cm.
490 1# - MENCIÓN DE SERIE
Mención de serie Veraz
504 ## - NOTA DE BIBLIOGRAFÍA, ETC.
Nota de bibliografía, etc. Bibliografía : p. 160
590 ## - NOTA LOCAL (RLIN)
Nota local Inventariado, 2019/MFF
700 1# - PUNTO DE ACCESO ADICIONAL--NOMBRE DE PERSONA
Nombre de persona Veloz, Verónica
9 (RLIN) 74850
830 #0 - PUNTO DE ACCESO ADICIONAL DE SERIE-TÍTULO UNIFORME
Título uniforme Veraz
9 (RLIN) 74848
Existencias
Estado de retiro Estado de pérdida No para préstamo Código de colección Localización permanente Ubicación/localización actual Ubicación en estantería Fecha de adquisición Número de inventario Total de préstamos Signatura topográfica completa Código de barras Fecha visto por última vez Precio válido a partir de Tipo de ítem Koha Nota pública
      Patrimonio Dominicano General General Orden iniciada 05.10.2018 LF1   xxx P343e, 5to 47961-30 25.06.2020 25.06.2020 Libro y Folleto Colección Patrimonio Dominicano Inventariado, 2018/MFF
      Patrimonio Dominicano Patrimonio Dominicano Patrimonio Dominicano Orden iniciada 05.10.2018 LF1   xxx P343e, 5to 47961-10 25.06.2020 25.06.2020 Libro y Folleto Colección Patrimonio Dominicano Inventariado, 2018/MFF
      Patrimonio Dominicano Patrimonio Dominicano Patrimonio Dominicano Orden iniciada 05.10.2018 LF1   xxx P343e, 5to 47961-20 25.06.2020 25.06.2020 Libro y Folleto Colección Patrimonio Dominicano Inventariado, 2018/MFF

Con tecnología Koha